ბათუმის შოთა რუსთაველის სახელმწიფო უნივერსიტეტის ბიბლიოთეკა

რწყილი და ჭიანჭველა : (ბიბ.ჩანაწერი № 60077)

000 -ლიდერი
ფიქსირებული სიგრძის საკონტროლო ველი 01418nam a22002417a 4500
003 - საკონტროლო ნომრის იდენტიფიკატორი
საკონტროლო ველი Ge_BSU
005 - ბოლო ოპერაციის თარიღი და დრო
საკონტროლო ველი 20230605154745.0
008 - ფიქსირებული სიგრძის მონაცემთა ელემენტები - ზოგადი ინფორმაცია
ფიქსირებული სიგრძის საკონტროლო ველი 230605s2018 ge ||||| |||| 00| 0 geo d
020 ## - წიგნის საერთაშორისო სტანდარტული ნომერი
International Standard Book Number 9788378932000
041 ## - ენის კოდი
Language code of text/sound track or separate title geo
080 ## - უნივერსალური ათობითი კლასიფიკაციის ინდექსი
Universal Decimal Classification number 82-93:821.353.1-91-34 ხ-93
100 ## - მთავარი ჩანაწერი - პიროვნების სახელი
Personal name ხუნდაძე, ხათუნა
Relator term შემდგენელი
9 (RLIN) 18439
245 ## - ცნობა სათაურის შესახებ
Title რწყილი და ჭიანჭველა :
Remainder of title ქართული ხალხური ზღაპრის მიხედვით /
Statement of responsibility, etc შემდგ. ხათუნა ხუნდაძე; მხატვ. ბესო ხიდაშელი; რედ.: მზია ქურცაძე, ქეთევან ჯანელიძე; დიზაინი დავით ჯანიაშვილი.
264 ## - წარმოების, გამოცემის, დისტრიბუციის და სხვა ცნობები
გამოცემის, წარმოების, დისტრიბუციის... თარიღი 2018.
300 ## - ფიზიკური აღწერა
Extent 40 გვ. :
Other physical details ილ.
Dimensions 22 სმ.
653 ## - INDEX TERM--UNCONTROLLED
Uncontrolled term ქართული ხალხური ზღაპარი
653 ## - INDEX TERM--UNCONTROLLED
Uncontrolled term რწყილი და ჭიანჭველა
700 ## - ADDED ENTRY--PERSONAL NAME
Personal name ხიდაშელი, ბესო
Relator term მხატვარი
9 (RLIN) 18474
700 ## - ADDED ENTRY--PERSONAL NAME
Personal name ქურცაძე, მზია
Relator term რედაქტორი
9 (RLIN) 18475
700 ## - ADDED ENTRY--PERSONAL NAME
Personal name ჯანელიძე, ქეთევან
Relator term რედაქტორი
9 (RLIN) 18476
700 ## - ADDED ENTRY--PERSONAL NAME
Personal name ჯანიაშვილი, დავით
Relator term დიზაინი
9 (RLIN) 18298
942 ## - ADDED ENTRY ELEMENTS (KOHA)
Source of classification or shelving scheme
Koha item type წიგნი
ეგზემპლარები
ჩამოწერის სტატუსი დაკარგული ეგზემპლარის სტატუსი კლასიფიკაციის წყარო ან თაროზე გაწყობის სქემა დაზიანების სტატუსი არ გაიცემა მუდმივი მდებარეობა (დაცვის ადგილი) ამჟამინდელი ადგილსამყოფელი თაროზე განთავსების ადგილი შეძენის თარიღი ღირებულება, შესყიდვის ნორმალური ფასი სრული შენახვის შიფრი შტრიხკოდი ბოლო ოპერაციის თარიღი ეგზემპლარის მიმდევრობითი ნომერი (კეტერი?) ფასის ძალაში შესვლის თარიღი ეგზემპლარის სახეობა საჯარო შენიშვნა
          ბათუმის შოთა რუსთაველის სახელმწიფო უნივერსიტეტის მთავარი ბიბლიოთეკა ბათუმის შოთა რუსთაველის სახელმწიფო უნივერსიტეტის მთავარი ბიბლიოთეკა წიგნსაცავი 2023-06-05 26.72 82-93:821.353.1-91-34 ხ-93 29559 2023-06-05 29559 2023-06-05 წიგნი 26 ლ. 72 თ.
          ბათუმის შოთა რუსთაველის სახელმწიფო უნივერსიტეტის მთავარი ბიბლიოთეკა ბათუმის შოთა რუსთაველის სახელმწიფო უნივერსიტეტის მთავარი ბიბლიოთეკა წიგნსაცავი 2023-06-05 26.72 82-93:821.353.1-91-34 ხ-93 29560 2023-06-05 29560 2023-06-05 წიგნი 26 ლ. 72 თ.
          ბათუმის შოთა რუსთაველის სახელმწიფო უნივერსიტეტის მთავარი ბიბლიოთეკა ბათუმის შოთა რუსთაველის სახელმწიფო უნივერსიტეტის მთავარი ბიბლიოთეკა წიგნსაცავი 2023-06-05 26.72 82-93:821.353.1-91-34 ხ-93 29561 2023-06-05 29561 2023-06-05 წიგნი 26 ლ. 72 თ.